000
00297nam a22001097a 4500
040
_c
HS
082
_a
635
100
_a
WAYNE L. SCHRADER
245
_a
Using transplants in vegetable production
260
_a
University of california
_b
division of agriculture and natural resources
_c
2003
942
_c
EK
999
_c
8544
_d
8544